| 000 | 00881pam a2200253 a 4500 | ||
|---|---|---|---|
| 001 | 2144287 | ||
| 005 | 20180205065558.0 | ||
| 008 | 981109s1999 stka b 001 0 eng | ||
| 010 | _a 98043689 | ||
| 020 | _a0443061270 | ||
| 035 | _a(DLC) 98043689 | ||
| 040 |
_aDLC _cDLC _dDLC |
||
| 041 | _aeng | ||
| 080 | _a615.8515 SUM | ||
| 082 | 0 | 0 |
_a615.8515 SUM _221 |
| 100 | _a9 | ||
| 101 | _aMJE | ||
| 245 | 0 | 0 |
_aClient-centred practice in occupational therapy : _cedited by Thelma Sumsion ; forewords by Christine Craik, John Glossop. |
| 504 | _aIncludes bibliographical references and index. | ||
| 906 |
_a7 _bcbc _corignew _d1 _eocip _f19 _gy-gencatlg |
||
| 942 |
_2ddc _cBK |
||
| 999 |
_c41744 _d41744 |
||